| 000 | 00583nam a22001817a 4500 | ||
|---|---|---|---|
| 005 | 20260327125356.0 | ||
| 008 | 260327s1980 ag |||gr|||| 001 e spa d | ||
| 040 | _aEC-QuCCB | ||
| 082 |
_a895.14 _bL7351 |
||
| 100 |
_aLin, Yutang, 1895-1976 _94371 |
||
| 245 | 1 | 0 |
_aEntre lágrimas y risas _cLin Yutang ; traducción de Miguel de Hernani |
| 250 | _aDecimocuarta edición | ||
| 260 |
_aBuenos Aires, Argentina : _bEditorial Sudamericana, _c1980 |
||
| 300 |
_a237 páginas ; _c18 cm |
||
| 505 | 1 | _aLa situación -- El método -- Síntomas -- Diagnosis | |
| 590 | _ajcc | ||
| 942 | _cBK | ||
| 999 |
_c83754 _d83754 |
||